Evolución biológica: síntesis histórica y evidencias

Guardat en:
Dades bibliogràfiques
Autor principal: Jérez Rodríguez, Viviane (Autor)
Format: Llibre
Idioma:espanyol
Publicat: Santiago Ministerio de Educación 1998
Col·lecció:Grupos Profesionales de Trabajo: Módulo de Biología
Matèries:
Etiquetes: Afegir etiqueta
Sense etiquetes, Sigues el primer a etiquetar aquest registre!

MARC

LEADER 00000nam a2200000 a 4500
001 UCP0652
003 CL-VaPUC
008 990319e19980000CL |||||||||||||||||spa|d
082 0 4 |a 372.35  |b JER  |2 21 
100 0 |a Jérez Rodríguez, Viviane  |e author  |9 426084 
245 1 0 |a Evolución biológica: síntesis histórica y evidencias 
300 |a 64 p 
942 |c BK 
945 |d 19990319 00:00:00  |a rbrito 
260 |a Santiago  |b Ministerio de Educación  |c 1998 
650 0 |a Enseñanza de la biología  |9 338701 
650 0 |a Métodos de enseñanza  |9 270413 
650 0 |a Reforma educacional   |9 256319 
583 |a last modification  |c 20150526 14:56:01  |k Rodrigo Vera 
490 0 |a Grupos Profesionales de Trabajo: Módulo de Biología 
999 |c 279412  |d 279410 
952 |0 0  |1 0  |4 0  |6 372_350000000000000_JER_1998  |7 0  |8 P  |9 318678  |a BIBEDU  |b BIBEDU  |c BIBEDU_PB  |d 2019-11-20  |i 3504808  |o 372.35 JER 1998  |p 3504808  |r 2024-01-25  |w 2019-11-20  |y BK  |k EDU 
952 |0 0  |1 0  |4 0  |6 372_350000000000000_JER_1998  |7 0  |8 P  |9 318679  |a BIBEDU  |b BIBEDU  |c BIBEDU_PB  |d 2019-11-20  |i 3580962  |o 372.35 JER 1998  |p 3580962  |r 2024-01-25  |w 2019-11-20  |y BK  |k BME 
952 |0 0  |1 0  |4 0  |6 372_350000000000000_JER_1998  |7 0  |8 P  |9 318680  |a BIBEDU  |b BIBEDU  |c BIBEDU_PB  |d 2019-11-20  |i 4194810  |o 372.35 JER 1998  |p 4194810  |r 2024-01-25  |w 2019-11-20  |y BK  |k EBA 
952 |0 0  |1 0  |4 0  |6 372_350000000000000_JER_1998  |7 0  |8 P  |9 318681  |a BIBEDU  |b BIBEDU  |c BIBEDU_PB  |d 2019-11-20  |i 4194829  |o 372.35 JER 1998  |p 4194829  |r 2024-01-25  |w 2019-11-20  |y BK  |k EBA 
952 |0 0  |1 0  |4 0  |6 372_350000000000000_JER_1998  |7 0  |8 P  |9 318682  |a BIBEDU  |b BIBEDU  |c BIBEDU_PB  |d 2019-11-20  |i 4194837  |o 372.35 JER 1998  |p 4194837  |r 2024-01-25  |w 2019-11-20  |y BK  |k EBA